| 000 | 00528nam a22001817a 4500 | ||
|---|---|---|---|
| 005 | 20251108164958.0 | ||
| 008 | 250721s1989 xx 000 0 ara d | ||
| 082 | 1 | 4 | _a657.4609565/كرا |
| 100 | 1 | _aكراجه، عبد الحليم محمود | |
| 245 | 1 | 0 | _aالمحاسبة الضريبية في الأردن / |
| 264 | 1 |
_aإربد : _bالمؤلف، _c1989. |
|
| 300 | _a176ص. | ||
| 650 | 1 | 7 | _aالمحاسبة |
| 650 | 1 | 7 | _aمحاسبة الضرائب |
| 650 | 1 | 7 | _aالأردن |
| 942 |
_2ddc _cBK |
||
| 999 |
_c18924 _d18924 |
||